000 00480nam a2200157 4500
008 160712b xxu||||| |||| 00| 0 eng d
020 _a9789966068286
050 _aPR3981.9
_b.K39 2015
100 _aKawive Wambua
245 _aThe ridges across River Kaiti /
_cWambua wa Kawive
260 _aNairobi :
_bOne planet,
_c2015
300 _a250p. :
_c17cm
440 _aTop literature series
650 _aLiterature
942 _2lcc
_cAFRICANA
_hPR3981.9 .K39 2015
_04
999 _c11837
_d11837